Con đường xuyên rừng (Tiểu thuyết); Tuyển tập truyện ngắn
Giới thiệu tiểu thuyết "Con đường xuyên rừng" và tuyển tập các truyện ngắn của Lê Văn Thảo: Lên núi thả mây, chuyến bay kinh hoàng, kể chuyện nghe chơi, người viết thư thuê...
Saved in:
| Main Author: | |
|---|---|
| Format: | Book |
| Language: | Undetermined |
| Published: |
H.
Văn học
2014
|
| Subjects: | |
| Online Access: | http://lrc.tdmu.edu.vn/opac/search/detail.asp?aID=2&ID=20219 |
| Tags: |
Add Tag
No Tags, Be the first to tag this record!
|
| Institutions: | Trung tâm Học liệu Trường Đại học Thủ Dầu Một |
|---|
| LEADER | 00991nam a2200205Ia 4500 | ||
|---|---|---|---|
| 001 | TDMU_20219 | ||
| 008 | 210410s9999 xx 000 0 und d | ||
| 082 | |a 895.922334 | ||
| 090 | |b L250 | ||
| 100 | |a Lê, Văn Thảo | ||
| 245 | 0 | |a Con đường xuyên rừng (Tiểu thuyết); Tuyển tập truyện ngắn | |
| 245 | 0 | |c Lê Văn Thảo | |
| 260 | |a H. | ||
| 260 | |b Văn học | ||
| 260 | |c 2014 | ||
| 300 | |a 531tr. | ||
| 520 | |a Giới thiệu tiểu thuyết "Con đường xuyên rừng" và tuyển tập các truyện ngắn của Lê Văn Thảo: Lên núi thả mây, chuyến bay kinh hoàng, kể chuyện nghe chơi, người viết thư thuê... | ||
| 650 | |a Văn học Việt Nam |v Tiểu thuyết; Truyện ngắn Việt Nam |x Tuyển tập | ||
| 856 | |u http://lrc.tdmu.edu.vn/opac/search/detail.asp?aID=2&ID=20219 | ||
| 980 | |a Trung tâm Học liệu Trường Đại học Thủ Dầu Một | ||